000 00683nam a22002297a 4500
005 20170124105938.0
010 _aA-948856
020 _c00.00
_a0195648897
035 _aA-948856
037 _bCen Lib/Ret
040 _aDPL
_bEN
082 _a320.54
_2BHA
100 _aBharucha, Rustom
_910609
245 _aIn the name of the secular :
_cby Rustom Bharucha
_bcontemporary cultural activism in India /
260 _aDelhi
_bOxford university press
_c1998
270 _bDelhi
300 _a197p.
_c21cm(Hb)
500 _aIncludes index
650 _aCultural development
_zIndia
_910610
650 _aSecularism
_910611
942 _2ddc
_cEN
_h320.54
_mBHA
999 _c124393
_d124393